000 00575nam a2200241Ia 4500
003 OSt
005 20221005133054.0
006 a|||||r|||| 00| 0
007 ta
008 221004b |||||||| |||| 00| 0 tam d
024 _a51618
037 _cTextual
040 _aCRL
_cCRL
_btam
041 _2tam
_atam
082 _aQ:351, 31K2
100 _aVelavan Au.
_9584806
245 0 _aVidhiye uilaginil
260 _c1962
650 _a THEOLOGY
650 _aRELIGION
942 _hQ:351, 31K2
_cTEXL
_2cc
999 _c1065651
_d1065651